Language Quiz

Random Language or Musical Quiz

Musical Definitions Quiz Stats

 Plays Quiz Updated Jan 7, 2016

Challenge
Share
Tweet
Embed
Score 0/26 Timer 06:00
4 Plays Today
% Correct
triangle
97.8%
scale
94.8%
bar
94.8%
jam
94.4%
major
93.7%
bridge
93.3%
organ
93.3%
minor
92.9%
flat
92.9%
sharp
92.3%
key
91%
snare
91%
fiddle
90.3%
% Correct
natural
88.3%
score
86%
note
85.3%
bass
84.5%
fugue
82.7%
harp
81.6%
treble
80.9%
trumpet
79.9%
chord
79%
pitch
78.6%
flute
76.9%
mandolin
75.2%
band
74.3%

You're not logged in!

Compare scores with friends on all Sporcle quizzes.
OR
Log In

You Might Also Like...

Show Comments

Extras

Top Quizzes Today


Score Distribution

Your Account Isn't Verified!

In order to create a playlist on Sporcle, you need to verify the email address you used during registration. Go to your Sporcle Settings to finish the process.

Report this User

Report this user for behavior that violates our Community Guidelines.

Details: